[Event "Cto Equipos Aragon 2013 Div. Honor II"]
[Site "Aragon"]
[Date "2013.02.02"]
[Round "2.26"]
[White "Baron Rodriguez, Jesus"]
[Black "Sacristan Latorre, Alberto"]
[Result "1-0"]
[WhiteElo "2438"]
[BlackElo "2063"]
[PlyCount "69"]
[EventDate "2013.??.??"]
[EventType "tourn"]
[EventRounds "7"]
[EventCountry "ESP"]
[WhiteTeam "Ibercaja"]
[BlackTeam "Ramiro"]

1. e4 c5 2. Nc3 e6 3. Nf3 a6 4. d4 cxd4 5. Nxd4 Qc7 6. Bd3 Nf6 7. O-O d6 8. f4
Be7 9. Kh1 b5 10. e5 dxe5 11. fxe5 Qxe5 12. Bf4 Qc5 13. Qf3 Qa7 14. Ndxb5 axb5
15. Nxb5 Bb7 16. Nxa7 Bxf3 17. gxf3 Rxa7 18. Bxb8 Rb7 19. Be5 O-O 20. a4 Nd7
21. Bc3 Bb4 22. Bxb4 Rxb4 23. b3 Ne5 24. Bb5 Rc8 25. f4 Ng4 26. Bd3 Ne3 27. Rf3
Nd5 28. a5 Nxf4 29. a6 Nd5 30. c4 Nf6 31. a7 Ra8 32. Rxf6 gxf6 33. Be4 Rxa7 34.
Rxa7 Rxb3 35. c5 1-0

[Event "Cto Equipos Aragon 2013 Div. Honor II"]
[Site "Aragon"]
[Date "2013.02.02"]
[Round "2.27"]
[White "Colom Sienes, Eduardo"]
[Black "Romon Poves, Raul"]
[Result "0-1"]
[WhiteElo "2028"]
[BlackElo "2299"]
[PlyCount "78"]
[EventDate "2013.??.??"]
[EventType "tourn"]
[EventRounds "7"]
[EventCountry "ESP"]
[WhiteTeam "Ramiro"]
[BlackTeam "Ibercaja"]

1. e4 d5 2. exd5 Nf6 3. d4 Bg4 4. Nf3 Qxd5 5. Be2 Nc6 6. O-O O-O-O 7. c4 Qf5 8.
Be3 e5 9. d5 e4 10. Nd4 Nxd4 11. Bxd4 Bd6 12. Nc3 Bxe2 13. Qxe2 Ng4 14. h3 Nh2
15. Qxe4 Qxe4 16. Nxe4 Nxf1 17. Kxf1 f6 18. c5 Rhe8 19. f3 Be5 20. Bxe5 Rxe5
21. d6 f5 22. Ng5 cxd6 23. cxd6 Rd7 24. Rc1+ Kb8 25. Rd1 h6 26. f4 Re8 27. Nf3
Re6 28. Rd5 g6 29. Ne5 Rdxd6 30. Rxd6 Rxd6 31. Ke2 g5 32. g3 Kc7 33. Ke3 Ra6
34. a3 Rb6 35. fxg5 hxg5 36. h4 Rb3+ 37. Nd3 f4+ 38. gxf4 gxh4 39. Ke4 Rxd3 0-1

[Event "Cto Equipos Aragon 2013 Div. Honor II"]
[Site "Aragon"]
[Date "2013.02.02"]
[Round "2.28"]
[White "Jimenez Fernandez, Alejandro"]
[Black "Palacios Herrero, Pablo"]
[Result "1-0"]
[WhiteElo "2011"]
[BlackElo "1963"]
[PlyCount "55"]
[EventDate "2013.??.??"]
[EventType "tourn"]
[EventRounds "7"]
[EventCountry "ESP"]
[WhiteTeam "Ibercaja"]
[BlackTeam "Ramiro"]

1. d4 e6 2. c4 Nf6 3. Nf3 c5 4. d5 b5 5. dxe6 fxe6 6. cxb5 a6 7. e3 axb5 8.
Bxb5 Qa5+ 9. Nc3 Ba6 10. Bxa6 Nxa6 11. O-O d5 12. e4 d4 13. e5 Nd7 14. Ne4 h6
15. Nh4 Nxe5 16. Qh5+ Nf7 17. Ng6 Rg8 18. Ne5 Qc7 19. Bf4 Nb4 20. Qg6 Ra6 21.
Rfc1 Nd5 22. Bg3 Rc6 23. Nxc6 Qxc6 24. a4 c4 25. a5 Qa6 26. Ra4 Bb4 27. Rxb4
Nxb4 28. Nd6+ 1-0

[Event "Cto Equipos Aragon 2013 Div. Honor II"]
[Site "Aragon"]
[Date "2013.02.02"]
[Round "2.29"]
[White "Carretero Cacho, Juan Jose"]
[Black "Garza Marco, Sergio"]
[Result "0-1"]
[WhiteElo "2139"]
[BlackElo "2438"]
[PlyCount "82"]
[EventDate "2013.??.??"]
[EventType "tourn"]
[EventRounds "7"]
[EventCountry "ESP"]
[WhiteTeam "Agrupacion B"]
[BlackTeam "Jaime Casas"]

1. d4 f5 2. Nf3 Nf6 3. Bf4 e6 4. e3 b6 5. Bd3 Bb7 6. Nbd2 Be7 7. h3 O-O 8. c3
c5 9. Qc2 cxd4 10. exd4 Nc6 11. O-O Rc8 12. Qb3 Qe8 13. Nc4 Qg6 14. Nh4 Qf7 15.
Nd6 Bxd6 16. Bxd6 Rfe8 17. f4 Na5 18. Qa3 Ne4 19. Nf3 Nxd6 20. Qxd6 Qe7 21. Qe5
Be4 22. Bxe4 d6 23. Qb5 fxe4 24. Nd2 d5 25. Qe2 Rf8 26. g3 Nb7 27. Rae1 Nd6 28.
g4 b5 29. Nb3 Rc4 30. a3 Nb7 31. Nd2 Rc6 32. Rf2 Qc7 33. Ref1 g6 34. h4 a5 35.
h5 b4 36. hxg6 hxg6 37. g5 bxc3 38. bxc3 Nd6 39. Rh2 Rxc3 40. Rh6 Qg7 41. Nf3
Nf5 0-1

[Event "Cto Equipos Aragon 2013 Div. Honor II"]
[Site "Aragon"]
[Date "2013.02.02"]
[Round "2.30"]
[White "Antoli Royo, Joaquin Miguel"]
[Black "Sanchez Moreno, Jose Carlos"]
[Result "1-0"]
[WhiteElo "2412"]
[BlackElo "1978"]
[PlyCount "43"]
[EventDate "2013.??.??"]
[EventType "tourn"]
[EventRounds "7"]
[EventCountry "ESP"]
[WhiteTeam "Jaime Casas"]
[BlackTeam "Agrupacion B"]

1. e4 c5 2. Nf3 e6 3. d4 a6 4. d5 b5 5. a4 b4 6. Bc4 Qc7 7. e5 Bb7 8. O-O Nh6
9. d6 Qc6 10. Nbd2 f5 11. Be2 g5 12. Nc4 Qe4 13. Na5 Bd5 14. Nb3 c4 15. Nc5 Qg4
16. h3 Qh5 17. Nxg5 Ng4 18. hxg4 fxg4 19. Bxg4 Qh4 20. Bh5+ Kd8 21. Nf7+ Kc8
22. Bg5 1-0

[Event "Cto Equipos Aragon 2013 Div. Honor II"]
[Site "Aragon"]
[Date "2013.02.02"]
[Round "2.31"]
[White "Martinez Crespo, Juan"]
[Black "Ramiro Ovejero, Juan Luis"]
[Result "0-1"]
[WhiteElo "1857"]
[BlackElo "2362"]
[PlyCount "84"]
[EventDate "2013.??.??"]
[EventType "tourn"]
[EventRounds "7"]
[EventCountry "ESP"]
[WhiteTeam "Agrupacion B"]
[BlackTeam "Jaime Casas"]

1. e4 c5 2. Nf3 e6 3. d4 cxd4 4. Nxd4 Nc6 5. Nc3 Qc7 6. Be3 a6 7. Qd2 Nf6 8.
Be2 b5 9. Nxc6 dxc6 10. Bf3 e5 11. O-O Be7 12. Rfd1 O-O 13. a3 Be6 14. Qe2 a5
15. h3 Rfd8 16. Rxd8+ Rxd8 17. Rd1 Ra8 18. Ra1 Nd7 19. Rd1 Bc4 20. Qd2 Nf8 21.
b3 Be6 22. Qc1 Rb8 23. Nb1 a4 24. b4 c5 25. bxc5 Bxc5 26. Nc3 Qe7 27. Bxc5 Qxc5
28. Nd5 Nd7 29. Rd3 h6 30. Re3 Qd4 31. Rd3 Qa7 32. Qb2 Kh7 33. Re3 Qd4 34. Qb4
Bxd5 35. exd5 Qxb4 36. axb4 f5 37. Rc3 Ra8 38. d6 a3 39. Bd5 a2 40. Bxa2 Rxa2
41. Re3 Ra1+ 42. Kh2 Rd1 0-1

[Event "Cto Equipos Aragon 2013 Div. Honor II"]
[Site "Aragon"]
[Date "2013.02.02"]
[Round "2.32"]
[White "Fontana Sotomayor, Luis Javier"]
[Black "Subira Navarro, Oscar"]
[Result "1-0"]
[WhiteElo "2315"]
[BlackElo "1592"]
[PlyCount "73"]
[EventDate "2013.??.??"]
[EventType "tourn"]
[EventRounds "7"]
[EventCountry "ESP"]
[WhiteTeam "Jaime Casas"]
[BlackTeam "Agrupacion B"]

1. d4 d6 2. Nf3 g6 3. Nbd2 Bg7 4. c3 Nd7 5. e4 a6 6. a4 b6 7. Bd3 Bb7 8. O-O e5
9. Re1 Ne7 10. dxe5 dxe5 11. b4 Rc8 12. Qe2 Ra8 13. Nc4 O-O 14. Bc2 Nc6 15. Rd1
Qe7 16. Ba3 b5 17. Ne3 Na7 18. c4 c6 19. axb5 axb5 20. c5 Nc8 21. Qd3 Rd8 22.
Bb2 Rxa1 23. Bxa1 h5 24. h4 Bf6 25. g3 Kh7 26. Bb3 Qe8 27. Ng5+ Bxg5 28. hxg5
Qe7 29. f4 exf4 30. gxf4 Na7 31. Qd4 Qf8 32. Kg2 Bc8 33. Ng4 Qh8 34. Nf6+ Nxf6
35. Qxd8 Qxd8 36. Rxd8 Ng8 37. Bxf7 1-0

[Event "Cto Equipos Aragon 2013 Preferente I"]
[Site "Aragon"]
[Date "2013.02.02"]
[Round "2.33"]
[White "Maza Broto, Pablo"]
[Black "Antonano Fernandez, Avelino"]
[Result "1/2-1/2"]
[WhiteElo "2037"]
[BlackElo "2099"]
[PlyCount "119"]
[EventDate "2013.??.??"]
[EventType "tourn"]
[EventRounds "9"]
[EventCountry "ESP"]
[WhiteTeam "Jaime Casas B"]
[BlackTeam "St. Casablanca C"]

1. Nf3 e6 2. c4 f5 3. d4 Nf6 4. Nc3 Bb4 5. a3 Bxc3+ 6. bxc3 c5 7. Bf4 d6 8.
dxc5 e5 9. Bg5 e4 10. Nd4 dxc5 11. Nb5 Qxd1+ 12. Rxd1 Na6 13. Bxf6 gxf6 14.
Nd6+ Ke7 15. g4 fxg4 16. Nxe4 Bd7 17. Bg2 Bc6 18. O-O Rad8 19. Rd3 Rxd3 20.
exd3 Rd8 21. Re1 Kf7 22. Re3 Kg6 23. Nd2 Nb8 24. Nb3 b6 25. Bf1 Ba4 26. Nc1 Nc6
27. f3 h5 28. fxg4 hxg4 29. h3 Bd1 30. hxg4 Bxg4 31. Bg2 Ne5 32. Bd5 b5 33. Nb3
bxc4 34. dxc4 Rc8 35. Kg2 Kg5 36. Nd2 Kf4 37. Re4+ Kf5 38. Kg3 Kg5 39. Rxg4+
Nxg4 40. Be6 Rc6 41. Bxg4 Ra6 42. Ne4+ Kg6 43. Kf4 Rxa3 44. Bf5+ Kf7 45. Ke3
Ra5 46. Nd6+ Ke7 47. Nb7 Ra1 48. Nxc5 Re1+ 49. Kd4 Rd1+ 50. Nd3 a5 51. c5 a4
52. Kc4 Rf1 53. Bc8 Rb1 54. Nb4 a3 55. Kd5 Kd8 56. Bf5 Rf1 57. Be6 Re1 58. Bh3
Rh1 59. Bf5 Rf1 60. Bh3 1/2-1/2

[Event "Cto Equipos Aragon 2013 Preferente I"]
[Site "Aragon"]
[Date "2013.02.02"]
[Round "2.34"]
[White "Calvo Mayayo, Jose Maria"]
[Black "Rodriguez Leiva, Manuel"]
[Result "1-0"]
[WhiteElo "1929"]
[BlackElo "2034"]
[PlyCount "87"]
[EventDate "2013.??.??"]
[EventType "tourn"]
[EventRounds "9"]
[EventCountry "ESP"]
[WhiteTeam "St. Casablanca C"]
[BlackTeam "Jaime Casas B"]

1. c4 e6 2. g3 Nf6 3. Bg2 Be7 4. Nf3 O-O 5. O-O d5 6. d4 c5 7. cxd5 exd5 8.
dxc5 Bxc5 9. Nbd2 Nc6 10. Nb3 Bb6 11. Bg5 Be6 12. Nfd4 h6 13. Bxf6 Qxf6 14. e3
Rac8 15. Nxc6 bxc6 16. Qd2 Bg4 17. Rac1 Rfd8 18. a4 a6 19. a5 Ba7 20. Nc5 Bxc5
21. Rxc5 Rb8 22. b4 Rd6 23. Rfc1 Bd7 24. Bf1 Bc8 25. Be2 Bb7 26. Qe1 d4 27.
exd4 Rxd4 28. Qc3 Rbd8 29. Rc4 Qe5 30. Rxd4 Rxd4 31. Re1 Qd6 32. Bc4 Kf8 33.
Qe3 Qd7 34. Qe2 Rd2 35. Qe5 Qd8 36. Qf4 Rd7 37. Qf5 g6 38. Qe5 Kg8 39. Qe2 Rd2
40. Qe8+ Qxe8 41. Rxe8+ Kg7 42. Re7 Bc8 43. Rxf7+ Kh8 44. Rf8+ 1-0

[Event "Cto Equipos Aragon 2013 Preferente I"]
[Site "Aragon"]
[Date "2013.02.02"]
[Round "2.36"]
[White "Zambrana Petisme, Ramiro"]
[Black "Salas Latorre, Jose"]
[Result "0-1"]
[WhiteElo "1749"]
[BlackElo "1797"]
[PlyCount "56"]
[EventDate "2013.??.??"]
[EventType "tourn"]
[EventRounds "9"]
[EventCountry "ESP"]
[WhiteTeam "St. Casablanca C"]
[BlackTeam "Jaime Casas B"]

1. e4 d5 2. exd5 Nf6 3. Nf3 Nxd5 4. d4 g6 5. c4 Nb6 6. c5 Nd5 7. Nc3 Bg7 8. Bc4
Nxc3 9. bxc3 O-O 10. O-O b6 11. cxb6 axb6 12. Re1 e6 13. a4 Ba6 14. Bb3 Nc6 15.
Ng5 Qf6 16. Ne4 Qf5 17. Bd2 e5 18. Bd5 Qd7 19. Qf3 Bb7 20. Bh6 Qf5 21. Qe3 exd4
22. Qf4 Qxf4 23. Bxf4 dxc3 24. Rec1 Ra5 25. Ng3 Rxd5 26. h3 c2 27. Ra2 Nb4 28.
Ra3 Bb2 0-1

[Event "Cto Equipos Aragon 2013 Preferente I"]
[Site "Aragon"]
[Date "2013.02.02"]
[Round "2.37"]
[White "Aparicio Navarro, Pedro Jose"]
[Black "Galve Guinea, Alejandro"]
[Result "1/2-1/2"]
[WhiteElo "2175"]
[BlackElo "2025"]
[PlyCount "28"]
[EventDate "2013.??.??"]
[EventType "tourn"]
[EventRounds "9"]
[EventCountry "ESP"]
[WhiteTeam "Helios B"]
[BlackTeam "El Olivar C"]

1. Nf3 Nf6 2. c4 c6 3. d4 d5 4. Nc3 dxc4 5. a4 Bf5 6. e3 e6 7. Bxc4 Bb4 8. O-O
Nbd7 9. Ne2 O-O 10. Ng3 Bg6 11. Nh4 Qa5 12. Nxg6 hxg6 13. e4 Rad8 14. Qc2 Nb6
1/2-1/2

[Event "Cto Equipos Aragon 2013 Preferente I"]
[Site "Aragon"]
[Date "2013.02.02"]
[Round "2.38"]
[White "Hernandez Delgado, Gabriel"]
[Black "Munoz Munoz, Juan Carlos"]
[Result "1/2-1/2"]
[WhiteElo "1974"]
[BlackElo "2092"]
[PlyCount "41"]
[EventDate "2013.??.??"]
[EventType "tourn"]
[EventRounds "9"]
[EventCountry "ESP"]
[WhiteTeam "El Olivar C"]
[BlackTeam "Helios B"]

1. b3 e5 2. Bb2 d6 3. e3 g6 4. d4 Nd7 5. Nf3 Bg7 6. Be2 Ne7 7. h4 exd4 8. Bxd4
Nf6 9. h5 gxh5 10. c4 Bg4 11. Nbd2 Nf5 12. Bb2 Qe7 13. Nd4 Nh6 14. Qc2 Bxe2 15.
Kxe2 Nfg4 16. Nc6 Qg5 17. Nf3 Qf5 18. Qxf5 Nxf5 19. Bxg7 Nxg7 20. Nb4 O-O-O 21.
Nd5 1/2-1/2

[Event "Cto Equipos Aragon 2013 Preferente I"]
[Site "Aragon"]
[Date "2013.02.02"]
[Round "2.39"]
[White "Flores Samperiz, Jorge"]
[Black "De la Riva Fernandez, Eduardo"]
[Result "0-1"]
[WhiteElo "1994"]
[BlackElo "1970"]
[PlyCount "50"]
[EventDate "2013.??.??"]
[EventType "tourn"]
[EventRounds "9"]
[EventCountry "ESP"]
[WhiteTeam "Helios B"]
[BlackTeam "El Olivar C"]

1. d4 Nf6 2. c4 e6 3. Nc3 d5 4. e3 a6 5. Nf3 Nbd7 6. Bd3 dxc4 7. Bxc4 b5 8. Bd3
Bb7 9. a3 c5 10. O-O cxd4 11. exd4 Be7 12. Qe2 O-O 13. Bf4 Nb6 14. Rfd1 Rc8 15.
Ne4 Nxe4 16. Bxe4 Bxe4 17. Qxe4 Qd5 18. Qe2 Bd6 19. Be5 f6 20. Bxd6 Qxd6 21.
Nd2 Rc2 22. Qd3 Rfc8 23. Ne4 Qf4 24. g3 Qf5 25. Nc5 Qxf2+ 0-1

[Event "Cto Equipos Aragon 2013 Preferente I"]
[Site "Aragon"]
[Date "2013.02.02"]
[Round "2.40"]
[White "Sarto Ramos, Angel"]
[Black "Flores, Francisco"]
[Result "1-0"]
[WhiteElo "1957"]
[BlackElo "1850"]
[PlyCount "53"]
[EventDate "2013.??.??"]
[EventType "tourn"]
[EventRounds "9"]
[EventCountry "ESP"]
[WhiteTeam "El Olivar C"]
[BlackTeam "Helios B"]

1. d4 d5 2. Nf3 Nf6 3. Nbd2 e6 4. e3 Bd6 5. b3 O-O 6. Bb2 Nbd7 7. Bd3 Re8 8.
Ne5 c5 9. O-O Qc7 10. f4 Nf8 11. g4 Ng6 12. g5 Nd7 13. h4 Ndxe5 14. fxe5 Be7
15. Qg4 Qd8 16. Rf3 cxd4 17. exd4 Qb6 18. Kh1 Qc7 19. h5 Nf8 20. Raf1 Bb4 21.
c3 Ba5 22. Rxf7 Qxf7 23. Rxf7 Kxf7 24. g6+ Kg8 25. gxh7+ Nxh7 26. Bxh7+ Kxh7
27. Qg6+ 1-0

[Event "Cto Equipos Aragon 2013 Preferente I"]
[Site "Aragon"]
[Date "2013.02.02"]
[Round "2.41"]
[White "Llanes Luno, Ricardo"]
[Black "Pellicer Cemeli, Jose Luis"]
[Result "1-0"]
[WhiteElo "2187"]
[BlackElo "2068"]
[PlyCount "54"]
[EventDate "2013.??.??"]
[EventType "tourn"]
[EventRounds "9"]
[EventCountry "ESP"]
[WhiteTeam "CCOO Delicias"]
[BlackTeam "L`Aurora Estadilla B"]

1. e4 e6 2. d4 d5 3. Nd2 Nf6 4. e5 Nfd7 5. f4 c5 6. c3 Nc6 7. Ngf3 cxd4 8. Nxd4
Nxd4 9. cxd4 f6 10. Bd3 f5 11. O-O Nb8 12. Nf3 Nc6 13. Be3 Qb6 14. Rf2 Bd7 15.
Rc1 Rc8 16. g4 fxg4 17. Ng5 Be7 18. Qxg4 Bxg5 19. fxg5 Nxe5 20. Rxc8+ Bxc8 21.
Qf4 Nxd3 22. Qf7+ Kd8 23. Qxg7 Re8 24. g6 Bd7 25. Rf8 Bc6 26. gxh7 Qa5 27. Qf6+
Kc7 1-0

[Event "Cto Equipos Aragon 2013 Preferente I"]
[Site "Aragon"]
[Date "2013.02.02"]
[Round "2.42"]
[White "Puertolas Serena, Arturo"]
[Black "Roche Simon, Manuel Angel"]
[Result "0-1"]
[WhiteElo "1920"]
[BlackElo "2134"]
[PlyCount "118"]
[EventDate "2013.??.??"]
[EventType "tourn"]
[EventRounds "9"]
[EventCountry "ESP"]
[WhiteTeam "L`Aurora Estadilla B"]
[BlackTeam "CCOO Delicias"]

1. d4 d5 2. Nf3 Nf6 3. e3 c5 4. c3 e6 5. Bd3 Nbd7 6. O-O Bd6 7. Nbd2 O-O 8. e4
cxd4 9. Nxd4 Nc5 10. Bc2 Ncxe4 11. Nxe4 Nxe4 12. Qf3 f5 13. Nb5 Be5 14. Qe2 a6
15. Nd4 Qc7 16. g3 Bd7 17. Re1 Rac8 18. Bd3 Bf6 19. Nb3 g5 20. f3 Nc5 21. Nxc5
Qxc5+ 22. Be3 d4 23. Bf2 b5 24. Rac1 Rfe8 25. cxd4 Qxc1 26. Rxc1 Rxc1+ 27. Kg2
Rcc8 28. Qd2 Bc6 29. Be2 Bd5 30. b3 Rc6 31. Be3 h6 32. Kf2 Rec8 33. Bd3 Kf7 34.
h3 Rc3 35. Qe2 h5 36. Qd2 g4 37. fxg4 hxg4 38. h4 Rc1 39. Qxc1 Rxc1 40. Bxc1
Bxd4+ 41. Be3 Bf6 42. Bc5 Kg6 43. Be2 Kf7 44. Ke3 Bb7 45. Kf2 Bc8 46. Be3 e5
47. Bd3 Be7 48. Ke2 Bd6 49. Bg5 e4 50. Bc2 Bxg3 51. Ke3 Be5 52. a4 g3 53. axb5
axb5 54. Ke2 Bb7 55. Be3 f4 56. Bc5 Kg6 57. Kf1 Kh5 58. Be7 Kg6 59. Bd1 f3 0-1

[Event "Cto Equipos Aragon 2013 Preferente I"]
[Site "Aragon"]
[Date "2013.02.02"]
[Round "2.44"]
[White "Puig-Pey Pale, Jaime"]
[Black "Llanes Luno, Pedro Alfredo"]
[Result "0-1"]
[WhiteElo "1749"]
[BlackElo "2102"]
[PlyCount "62"]
[EventDate "2013.??.??"]
[EventType "tourn"]
[EventRounds "9"]
[EventCountry "ESP"]
[WhiteTeam "L`Aurora Estadilla B"]
[BlackTeam "CCOO Delicias"]

1. Nf3 c5 2. g3 Nc6 3. Bg2 g6 4. d3 Bg7 5. Nbd2 e6 6. e4 Nge7 7. Rb1 O-O 8. O-O
b5 9. a3 a5 10. c3 b4 11. axb4 axb4 12. cxb4 Nxb4 13. Nc4 d5 14. exd5 exd5 15.
Na3 Bf5 16. Ne1 c4 17. dxc4 Bxb1 18. Nxb1 Ra1 19. Nc2 Rxb1 20. Nxb4 Bxb2 21.
Qc2 Rxc1 22. Rxc1 Bxc1 23. Qxc1 d4 24. Nd5 Nxd5 25. Bxd5 Qa5 26. Qf4 Qa1+ 27.
Kg2 d3 28. Qd2 Qd4 29. h4 Rb8 30. h5 Rb2 31. Qh6 Qxf2+ 0-1

[Event "Cto Equipos Aragon 2013 Preferente I"]
[Site "Aragon"]
[Date "2013.02.02"]
[Round "2.45"]
[White "Gomez Salinas, Nestor"]
[Black "Soriano Ascaso, Ignacio"]
[Result "1-0"]
[WhiteElo "1883"]
[BlackElo "2131"]
[PlyCount "109"]
[EventDate "2013.??.??"]
[EventType "tourn"]
[EventRounds "9"]
[EventCountry "ESP"]
[WhiteTeam "Ramiro C"]
[BlackTeam "Sabiñanigo"]

1. e4 b6 2. d4 Bb7 3. Bd3 Nf6 4. Nc3 e6 5. a3 d5 6. e5 Ne4 7. Nce2 h6 8. c3 c5
9. f3 c4 10. Bc2 Ng5 11. Be3 Be7 12. Qb1 f6 13. Bg6+ Nf7 14. Nf4 Bc8 15. Bxf7+
Kxf7 16. Qg6+ Kg8 17. Nh5 Qf8 18. Ne2 Nc6 19. Nxg7 Qf7 20. Qxf7+ Kxf7 21. exf6
Bxf6 22. Nh5 Be7 23. Nhf4 Bd7 24. Ng3 Rae8 25. O-O-O b5 26. Kc2 a5 27. Ra1 Bf6
28. Ngh5 Be7 29. Rhe1 Bd6 30. Bf2 Rhg8 31. g4 b4 32. axb4 axb4 33. Bg3 Ra8 34.
Bh4 b3+ 35. Kd2 e5 36. Nxd5 exd4 37. Nhf6 Be6 38. Nxg8 Rxa1 39. Nxh6+ Kg7 40.
Nf5+ Bxf5 41. Rxa1 Be6 42. Nf6 Bf4+ 43. Kd1 dxc3 44. bxc3 b2 45. Rb1 Bc1 46.
Nh5+ Kf7 47. Be1 Bd5 48. Rxc1 Bxf3+ 49. Kc2 bxc1=Q+ 50. Kxc1 Bxg4 51. Nf4 Kf6
52. Kd2 Ne5 53. Ke3 Ng6 54. Nd5+ Kf5 55. Kd4 1-0

[Event "Cto Equipos Aragon 2013 Preferente I"]
[Site "Aragon"]
[Date "2013.02.02"]
[Round "2.46"]
[White "Pardo Calvo, Carlos"]
[Black "Abad Vinas, Jesus Manuel"]
[Result "1-0"]
[WhiteElo "1818"]
[BlackElo "1872"]
[PlyCount "44"]
[EventDate "2013.??.??"]
[EventType "tourn"]
[EventRounds "9"]
[EventCountry "ESP"]
[WhiteTeam "Sabiñanigo"]
[BlackTeam "Ramiro C"]

1. e4 d6 2. d4 Nf6 3. Nc3 g6 4. Nf3 Bg7 5. h3 O-O 6. Be3 c5 7. dxc5 Qa5 8. Bd3
dxc5 9. O-O Rd8 10. Qe2 Nc6 11. Bd2 Qc7 12. Rfe1 a6 13. a3 b5 14. Qe3 Nd4 15.
Rac1 Nxf3+ 16. gxf3 Bxh3 17. f4 Be6 18. Rcd1 Bh6 19. Be2 Rxd2 20. Qxd2 Bxf4 21.
Qd3 Qe5 22. Bf3 Bc4 1-0

[Event "Cto Equipos Aragon 2013 Preferente I"]
[Site "Aragon"]
[Date "2013.02.02"]
[Round "2.47"]
[White "Iglesias Fernandez, Luis"]
[Black "Garcia Estruch, Jorge"]
[Result "0-1"]
[WhiteElo "1862"]
[BlackElo "1796"]
[PlyCount "58"]
[EventDate "2013.??.??"]
[EventType "tourn"]
[EventRounds "9"]
[EventCountry "ESP"]
[WhiteTeam "Ramiro C"]
[BlackTeam "Sabiñanigo"]

1. e4 e5 2. Nf3 Nc6 3. Bc4 Nf6 4. Ng5 d5 5. exd5 Na5 6. Bb5+ c6 7. dxc6 bxc6 8.
Bd3 h6 9. Ne4 Nxe4 10. Bxe4 Bd6 11. Qf3 Bd7 12. c3 O-O 13. b4 f5 14. Bd5+ Kh8
15. bxa5 e4 16. Bxe4 fxe4 17. Qe2 Qxa5 18. d4 exd3 19. Qxd3 Qe5+ 20. Qe3 Qb5
21. a4 Qh5 22. Qd3 Bf5 23. Qc4 Qg6 24. g4 Bxb1 25. Rxb1 Rae8+ 26. Kf1 Qxb1 27.
Kg2 Qe4+ 28. Qxe4 Rxe4 29. f3 Re2+ 0-1

[Event "Cto Equipos Aragon 2013 Preferente I"]
[Site "Aragon"]
[Date "2013.02.02"]
[Round "2.48"]
[White "Paño Pinilla, Ernesto"]
[Black "Gaston Cabello, Jorge Luis"]
[Result "1-0"]
[WhiteElo "1565"]
[BlackElo "1806"]
[PlyCount "69"]
[EventDate "2013.??.??"]
[EventType "tourn"]
[EventRounds "9"]
[EventCountry "ESP"]
[WhiteTeam "Sabiñanigo"]
[BlackTeam "Ramiro C"]

1. Nf3 Nf6 2. d3 d5 3. Nbd2 e6 4. g3 c5 5. Bg2 Nc6 6. c3 Bd6 7. e4 O-O 8. O-O
Qc7 9. Re1 Rd8 10. Qe2 dxe4 11. Nxe4 Be7 12. Nxf6+ Bxf6 13. Bg5 Qe7 14. h4 Bd7
15. Qe3 Bxg5 16. Nxg5 h6 17. Nf3 f6 18. h5 e5 19. Nh4 Bg4 20. Bf3 Bxf3 21. Qxf3
Qd7 22. Rad1 Ne7 23. Qe4 Qd5 24. f4 Qxe4 25. Rxe4 Nc6 26. Nf5 Rd7 27. fxe5 fxe5
28. Nh4 Rad8 29. Re3 c4 30. Ng6 Rxd3 31. Rde1 Rxe3 32. Rxe3 Rd3 33. Kf2 Rd2+
34. Kf1 Rxb2 35. Rf3 1-0

[Event "Cto Equipos Aragon 2013 Preferente I"]
[Site "Aragon"]
[Date "2013.02.02"]
[Round "2.49"]
[White "Del Corral Abancens, Alfonso"]
[Black "Alonso Blasco, Jose Miguel"]
[Result "0-1"]
[WhiteElo "1923"]
[BlackElo "2116"]
[PlyCount "68"]
[EventDate "2013.??.??"]
[EventType "tourn"]
[EventRounds "9"]
[EventCountry "ESP"]
[WhiteTeam "Shatranj"]
[BlackTeam "Las Fuentes"]

1. e4 c6 2. d4 d5 3. e5 Bf5 4. Nc3 e6 5. g4 Bg6 6. Nge2 Bb4 7. a3 Bxc3+ 8. Nxc3
h5 9. Bd3 Bxd3 10. Qxd3 hxg4 11. Be3 Ne7 12. O-O-O Nf5 13. Rdg1 Rh4 14. Bf4 Qb6
15. Ne2 c5 16. dxc5 Qxc5 17. Bg3 Rh3 18. Rd1 Nc6 19. Kb1 O-O-O 20. Rc1 Qc4 21.
f4 gxf3 22. Qxf3 Nxg3 23. Nxg3 Nd4 24. Qe3 Nc6 25. Qf2 Rd7 26. Rhe1 Qd4 27. Re3
Rxh2 28. Qxh2 Qxe3 29. Qh8+ Kc7 30. Qxg7 f5 31. Qf8 Rd8 32. Qf7+ Rd7 33. Qe8
Qh6 34. Ne2 d4 0-1

[Event "Cto Equipos Aragon 2013 Preferente I"]
[Site "Aragon"]
[Date "2013.02.02"]
[Round "2.50"]
[White "Mombiela de Sus, Jose Luis"]
[Black "Ballonga Arruebo, Alejandro"]
[Result "1-0"]
[WhiteElo "2030"]
[BlackElo "1706"]
[PlyCount "31"]
[EventDate "2013.??.??"]
[EventType "tourn"]
[EventRounds "9"]
[EventCountry "ESP"]
[WhiteTeam "Las Fuentes"]
[BlackTeam "Shatranj"]

1. c4 e6 2. g3 c5 3. Bg2 Nc6 4. Nf3 f5 5. O-O Nf6 6. Nc3 Be7 7. d4 cxd4 8. Nxd4
a6 9. b3 O-O 10. Bb2 Qc7 11. Rc1 b6 12. Nd5 exd5 13. cxd5 Qe5 14. dxc6 Bc5 15.
b4 Bxb4 16. Qb3+ 1-0

[Event "Cto Equipos Aragon 2013 Preferente I"]
[Site "Aragon"]
[Date "2013.02.02"]
[Round "2.51"]
[White "Aznar Andres, Pilar"]
[Black "Javierre Conesa, Alfonso"]
[Result "0-1"]
[WhiteElo "1609"]
[BlackElo "2011"]
[PlyCount "46"]
[EventDate "2013.??.??"]
[EventType "tourn"]
[EventRounds "9"]
[EventCountry "ESP"]
[WhiteTeam "Shatranj"]
[BlackTeam "Las Fuentes"]

1. e4 d6 2. d4 Nf6 3. Nc3 g6 4. Be2 Bg7 5. Be3 c6 6. Nf3 Qc7 7. Qd2 b5 8. Bh6
Bxh6 9. Qxh6 Nbd7 10. Ng5 Bb7 11. Qg7 Rf8 12. f4 e5 13. fxe5 dxe5 14. O-O-O
exd4 15. Rxd4 Qf4+ 16. Kb1 Qxg5 17. h4 Qe3 18. Rd3 Qf4 19. Rf1 Qxh4 20. Rxd7
Nxd7 21. Bxb5 O-O-O 22. Qd4 Qe7 23. Qg7 cxb5 0-1

[Event "Cto Equipos Aragon 2013 Preferente I"]
[Site "Aragon"]
[Date "2013.02.02"]
[Round "2.52"]
[White "Roman Gimeno, Javier"]
[Black "Alvaro Rada, Gonzalo"]
[Result "1-0"]
[WhiteElo "1929"]
[BlackElo "1581"]
[PlyCount "59"]
[EventDate "2013.??.??"]
[EventType "tourn"]
[EventRounds "9"]
[EventCountry "ESP"]
[WhiteTeam "Las Fuentes"]
[BlackTeam "Shatranj"]

1. d4 d5 2. g3 Bf5 3. Bg2 e6 4. Nf3 Nd7 5. Nc3 Bb4 6. Bd2 c6 7. a3 Be7 8. O-O
Ngf6 9. Re1 h6 10. Bf4 g5 11. Be5 Nxe5 12. Nxe5 Nd7 13. e4 dxe4 14. Nxd7 Qxd7
15. Nxe4 O-O-O 16. c3 Qc7 17. b4 Rhe8 18. Qa4 Kb8 19. Rad1 Bxe4 20. Rxe4 Bf8
21. Qb3 e5 22. dxe5 Rxd1+ 23. Qxd1 Rd8 24. Qe1 Rd3 25. c4 Rd7 26. Qe2 Bg7 27.
Bh3 Re7 28. e6 f6 29. Qd2 a5 30. Re1 1-0